A Complete preparation for the MCAT / (Record no. 7787)

MARC details
000 -LEADER
fixed length control field 00889nam a2200277 a 4500
001 - CONTROL NUMBER
control field 1135593
003 - CONTROL NUMBER IDENTIFIER
control field OSt
005 - DATE AND TIME OF LATEST TRANSACTION
control field 20220303162807.0
008 - FIXED-LENGTH DATA ELEMENTS--GENERAL INFORMATION
fixed length control field 940826s1992 mdua b 000 0 eng
010 ## - LIBRARY OF CONGRESS CONTROL NUMBER
LC control number 94201975
020 ## - INTERNATIONAL STANDARD BOOK NUMBER
International Standard Book Number 0941406296
040 ## - CATALOGING SOURCE
Original cataloging agency DLC
Transcribing agency DDC
043 ## - GEOGRAPHIC AREA CODE
Geographic area code n-us---
050 00 - LIBRARY OF CONGRESS CALL NUMBER
Classification number R838.5
Item number .C65 1992
082 00 - DEWEY DECIMAL CLASSIFICATION NUMBER
Classification number 500FLO 1992
245 02 - TITLE STATEMENT
Title A Complete preparation for the MCAT /
Statement of responsibility, etc. James L. Flowers.
250 ## - EDITION STATEMENT
Edition statement 6th ed.
260 ## - PUBLICATION, DISTRIBUTION, ETC. (IMPRINT)
Place of publication, distribution, etc. Bethesda, Md. :
Name of publisher, distributor, etc. Betz Pub. Co.,
Date of publication, distribution, etc. c1992.
300 ## - PHYSICAL DESCRIPTION
Extent 1 v. (various pagings) :
Other physical details ill. ;
Dimensions 28 cm.
504 ## - BIBLIOGRAPHY, ETC. NOTE
Bibliography, etc Includes bibliographical references.
650 #0 - SUBJECT ADDED ENTRY--TOPICAL TERM
Topical term or geographic name as entry element Medical colleges
Geographic subdivision United States
General subdivision Entrance examinations
-- Study guides.
9 (RLIN) 15862
700 1# - ADDED ENTRY--PERSONAL NAME
Personal name Flowers, James L.
9 (RLIN) 15863
906 ## - LOCAL DATA ELEMENT F, LDF (RLIN)
a 7
b cbc
c orignew
d 2
e ncip
f 19
g y-gencatlg
942 ## - ADDED ENTRY ELEMENTS (KOHA)
Source of classification or shelving scheme Dewey Decimal Classification
Koha item type Open Shelf
Holdings
Withdrawn status Lost status Source of classification or shelving scheme Damaged status Not for loan Home library Current library Date acquired Source of acquisition Inventory number Total Checkouts Full call number Barcode Date last seen Price effective from Koha item type
    Dewey Decimal Classification     MUST Main Library MUST Main Library 03/03/2022 Donation 2000/14295   500FLO 1992 2022-0396 03/03/2022 03/03/2022 Open Shelf